000 00728nam a2200265 4500
001 2006
010 _a9789722085748
021 _aPT
_b548552/25
090 _a2006
100 _a20251124d2025 m||y0pory50030103ba
101 _apor
102 _aPT
200 _aA ilha mortal
_fSamuel Bjork
_gtrad. Vasco Teles de Menezes
205 _a1ª edição
210 _aAlfragide
_cDom Quixote
_d2025
215 _a557 p.
_d24 cm
300 _aBMB-Registado
304 _aTít. orig.: Hitra
606 _91161
_aLiteratura Norueguesa
606 _9778
_aRomance Policial
675 _a821.113.5-312.4
_vBMB
_zpor
700 _aBjork
_bSamuel
_92880
702 _aMeneses
_bVasco Teles de
_f1978
_4730
_91546
801 _aPT
_bBMB
_gRPC
990 _cLIVROS